The dawn of Asia as the epicenter of elastomer activity- The imperatives (Record no. 70559)

MARC details
000 -LEADER
fixed length control field 00306nam a2200109Ia 4500
100 ## - MAIN ENTRY--AUTHOR NAME
Personal name Sekhar B C
245 #4 - TITLE STATEMENT
Title The dawn of Asia as the epicenter of elastomer activity- The imperatives
260 ## - PUBLICATION, DISTRIBUTION, ETC. (IMPRINT)
Name of publisher Rubber Chem Review
Year of publication 1996
300 ## - PHYSICAL DESCRIPTION
Number of Pages 19-21
942 ## - ADDED ENTRY ELEMENTS (KOHA)
Koha item type Journals
Holdings
Withdrawn status Lost status Damaged status Not for loan Home library Current library Date acquired Serial Enumeration / chronology Koha item type
      Journals RRII Library RRII Library 17/12/2021 Volume 25, Issue 5 Journals